'R' Celebrity Images Quiz Stats

 Plays Quiz Updated Dec 14, 2018

Support Sporcle.
Go Orange.
Score 0/20 Timer 05:00
7 Plays Today
% Correct
Julia Roberts
92.5%
Keanu Reeves
85.4%
Chris Rock
82.5%
Daniel Radcliffe
80.6%
Joan Rivers
76%
Ryan Reynolds
74.6%
Dennis Rodman
73.2%
Meg Ryan
71.8%
Mr. Fred Rogers
68.8%
Seth Rogen
68.2%
% Correct
Keith Richards
63.4%
Alex Rodriguez
61.5%
Diana Ross
58.8%
Alan Rickman
58.3%
Rachael Ray
57.7%
Axl Rose
56.7%
Geraldo Rivera
49%
John C. Reilly
42%
Andy Richter
32.1%
Keri Russell
29.4%

You're not logged in!

Compare scores with friends on all Sporcle quizzes.
OR
Log In
Forgot?

From the Vault

Video Games at the Beach

by Thebiguglyalien

Gaming 4m
The beach is a great place for handheld gaming.
Remove Ads.
Support Sporcle.
Get the best of Sporcle when you Go Orange. This ad-free experience offers more features, more stats, and more fun while also helping to support Sporcle. Thank you for becoming a member.

Show Comments

Extras

Top Quizzes Today


Score Distribution

Your Account Isn't Verified!

In order to create a playlist on Sporcle, you need to verify the email address you used during registration. Go to your Sporcle Settings to finish the process.

Report this User

Report this user for behavior that violates our Community Guidelines.

Details: